Statistics for The Ultimate Country Flag-Shape Quiz!

Click here to take the quiz!

General Stats

  • This quiz has been taken 127 times
  • The average score is 150 of 243

Answer Stats

Answer% Correct
Afghanistan
94%
Albania
83%
Algeria
83%
Andorra
81%
Angola
79%
Antarctica
79%
Argentina
79%
Armenia
78%
Åland Islands
76%
Antigua and Barbuda
76%
Australia
76%
Austria
75%
Bangladesh
75%
Barbados
75%
Belize
75%
Bhutan
75%
Bolivia
75%
Brazil
75%
Azerbaijan
74%
Bahamas
74%
Bahrain
74%
Belarus
74%
Belgium
74%
Benin
74%
Botswana
74%
Bosnia and Herzegovina
72%
Bulgaria
71%
Cameroon
71%
Cambodia
69%
Canada
69%
Chad
69%
Chile
69%
China
69%
Colombia
69%
Anguilla
68%
Aruba
68%
Brunei
68%
Costa Rica
68%
Croatia
68%
Cuba
68%
Bermuda
67%
Burkina Faso
67%
Burundi
67%
Central African Republic
67%
Cyprus
67%
Czech Republic
67%
Denmark
67%
Ecuador
67%
Egypt
67%
England
67%
Democratic Republic of the Congo
65%
Dominica
65%
Dominican Republic
65%
Estonia
65%
Comoros
64%
El Salvador
64%
Ethiopia
64%
Greenland
64%
Hong Kong
64%
Djibouti
63%
Equatorial Guinea
63%
Eritrea
63%
Finland
63%
France
63%
Georgia
63%
Germany
63%
Greece
63%
Haiti
63%
Hungary
63%
Iceland
63%
India
63%
Indonesia
63%
Iran
63%
Iraq
63%
Ireland
63%
Italy
63%
Ivory Coast
63%
Jordan
63%
Kazakhstan
63%
Kenya
63%
Laos
63%
Latvia
63%
Lebanon
63%
Liberia
63%
Libya
63%
Lithuania
63%
Madagascar
63%
Malaysia
63%
Mexico
63%
Moldova
63%
Monaco
63%
Mongolia
63%
Morocco
63%
Nepal
63%
Netherlands
63%
Nicaragua
63%
Niger
63%
Nigeria
63%
North Korea
63%
North Macedonia
63%
Norway
63%
Pakistan
63%
Scotland
63%
Christmas Island
61%
Eswatini
61%
Guatemala
61%
Honduras
61%
Isle of Man
61%
Israel
61%
Jamaica
61%
Japan
61%
Kosovo
61%
Kuwait
61%
Kyrgyzstan
61%
Luxembourg
61%
Mali
61%
Malta
61%
Montenegro
61%
Myanmar
61%
Nauru
61%
New Zealand
61%
Palau
61%
Palestine
61%
Panama
61%
Peru
61%
Poland
61%
Qatar
61%
Romania
61%
Russia
61%
San Marino
61%
Saudi Arabia
61%
Serbia
61%
Slovakia
61%
Slovenia
61%
Somalia
61%
South Africa
61%
South Korea
61%
South Sudan
61%
Spain
61%
Sri Lanka
61%
Sudan
61%
Sweden
61%
Switzerland
61%
Syria
61%
Taiwan
61%
Thailand
61%
Tunisia
61%
Turkey
61%
Uganda
61%
Ukraine
61%
United Arab Emirates
61%
United Kingdom
61%
United States
61%
Uruguay
61%
Uzbekistan
61%
Vatican City
61%
Venezuela
61%
Vietnam
61%
Wales
61%
Yemen
61%
Faroe Islands
60%
French Guiana
60%
Gabon
60%
Ghana
60%
Guam
60%
Guyana
60%
Lesotho
60%
Liechtenstein
60%
Mauritius
60%
Oman
60%
Paraguay
60%
Philippines
60%
Portugal
60%
Puerto Rico
60%
Singapore
60%
Tajikistan
60%
Turkmenistan
60%
Western Sahara
60%
Zambia
60%
Zimbabwe
60%
Cape Verde
58%
Fiji
58%
Gambia
58%
Gibraltar
58%
Guinea
58%
Guinea-Bissau
58%
Macau
58%
Malawi
58%
Mauritania
58%
Mozambique
58%
Namibia
58%
Papua New Guinea
58%
Rep. of the Congo
58%
Saint Lucia
58%
Samoa
58%
Senegal
58%
Tanzania
58%
Timor-Leste
58%
Togo
58%
Trinidad and Tobago
58%
Falkland Islands
57%
Grenada
57%
Jersey
57%
Martinique
57%
New Caledonia
57%
Rwanda
57%
Saint Kitts and Nevis
57%
Seychelles
57%
Sierra Leone
57%
Suriname
57%
Curaçao
56%
Guernsey
56%
Kiribati
56%
Maldives
56%
Norfolk Island
56%
Saint Vincent and the Grenadines
56%
Guadeloupe
54%
Niue
54%
Solomon Islands
54%
Vanuatu
54%
British Virgin Islands
53%
Mayotte
53%
Montserrat
53%
Northern Ireland
51%
Cayman Islands
50%
Marshall Islands
50%
Tonga
50%
French Polynesia
49%
South Georgia
49%
Tuvalu
49%
British Indian Ocean Territory
47%
Caribbean Netherlands
47%
Sint Maarten
47%
United States Virgin Islands
47%
Cook Islands
46%
Federated States of Micronesia
46%
São Tomé and Príncipe
46%
Saint Helena, Ascension and Tristan Da Cunha
44%
Turks and Caicos Islands
44%
Wallis and Futuna
44%
Tokelau
40%
Pitcairn Islands
38%
French Southern and Antarctic Lands
32%

Score Distribution

Percentile by Number Answered

Percent of People with Each Score

Your Score History

You have not taken this quiz